Teorie etnicity čítanka textů

Salvato in:
Dettagli Bibliografici
Altri autori: Jakoubek, Marek, Budilová, Lenka. J.
Natura: Libro
Lingua:ceco
Pubblicazione: Praha Sociologické nakladatelství (SLON) 2016
Serie:Studijní texty 64. svazek
Soggetti:
Tags: Aggiungi Tag
Nessun Tag, puoi essere il primo ad aggiungerne!!

MARC

LEADER 00000nam a2200000 4500
001 0221950
005 20231215114603.4
020 |a 978-80-7419-185-5 
041 0 |a cze 
044 |a CZ 
245 1 0 |a Teorie etnicity  |b čítanka textů  |c Marek Jakoubek (ed.) ; přeložili: Lenka. J. Budilová ... [et al.] 
264 1 |a Praha  |b Sociologické nakladatelství (SLON)  |c 2016 
300 |a 733 s. 
490 1 |a Studijní texty  |v 64. svazek 
830 0 |a Studijní texty  |v 64. svazek 
610 2 0 |a etnikum 
610 2 0 |a menšiny národnostné 
610 2 0 |a identita 
610 2 0 |a kultúra 
700 1 |a Jakoubek, Marek 
700 1 |a Budilová, Lenka. J.